LEADER 00955nam a2200253 i 4500 001 000000146384 003 CaOOAMICUS 005 20051229000000.0 008 051229s1968 it u000 u ita u 013 $a123065 040 $aSeMil$bita 100 1 $aEmanuelli, Enrico.$0(OLS)http://semarc/name/30458 245 10$aCurriculum mortis /$cEnrico Emanuelli. 260 $aMilano :$bFeltrinelli,$c1968. 300 $a162 p. ;$c20 cm. 490 0 $aI narratori di Feltrinelli : collana di grandi autori moderni di tutto il mondo ;$v121 500 $aFondo Ciprandi. 830 2$aI narratori di Feltrinelli ;$v121.$0(OLS)http://semarc/title/9106 850 $aSeMil 852 $aSeMil$W1$xVenegono$y1$m1E VI 23$j99060$B99060$CSeMilBibl$Z2$F107417 $81 941 1 $a1 961 $aOmaggio: Ciprandi dott. Paolo 996 $6245$aCurriculum mortis$9(OLS)http://semarc/title/214074 996 $6260$aMilano :$bFeltrinelli$9(OLS)http://semarc/publisher/30237 LEADER 01626nam a2200301 i 4500 001 000000172240 003 CaOOAMICUS 005 20250115135840.0 008 080603s2008 gw u000 u ger u 020 $a978-3-525-53087-0 040 $aSeMil$bita 100 1 $aVeijola, Timo,$d<1947-2005>.$0(OLS)http://semarc/name/64401 245 10$aLeben nach der Weisung :$bExegetisch-historische Studien zum Alten Testament /$cTimo Veijola ; herausgegeben von Walter Dietrich ; im Zusammenarbeit mit Marko Marttila. 260 $aGöttingen :$bVandenhoeck & Ruprecht,$c2008. 300 $a192 p., [1] carta di tav. :$britr. ;$c24 cm. 490 0 $aForschungen zur Religion und Literatur des Alten und Neuen Testaments ;$v224 504 $aBibliographie von Timo Veijola 650 4$aBibbia. Nuovo Testamento - Commentari, studi, critica, interpretazioni.$0(OLS)http://semarc/subject/184 700 1 $aMarttila, Marko.$0(OLS)http://semarc/name/64402 700 1 $aDietrich, Walter,$d<1944- >.$0(OLS)http://semarc/name/10683 830 0$aForschungen zur Religion und Literatur des Alten und Neuen Testaments ;$v224.$0(OLS)http://semarc/title/298 850 $aSeMil 852 $aSeMil$W1$xVenegono$y1$m2XA S 224$j253853$B123102$CSeMilBibl$Z2$F134360 $81 961 $aSottoscrizione: Vandenhoeck & Ruprecht 996 $6020$a978-3-525-53087-0$9(OLS)http://semarc/number/159578 996 $6245$aLeben nach der Weisung :$bExegetisch-historische Studien zum Alten Testament$9(OLS)http://semarc/title/246601 996 $6260$aGöttingen :$bVandenhoeck & Ruprecht$9(OLS)http://semarc/publisher/29697